00749cam a2200205 a 4500001001900000003000400019005001700023008004100040020001800081035002500099035002200124040002400146100001700170245011300187260005100300300003200351500003700383650007200420650005100492991044059859706706OSt20241218113914.0120621s2012 xxua||| b||| 001 0 eng|c a9781118077559 a(ES-BaCBU).b52894897 a(OCoLC)1120323937 aES-BaCBUbcatcCDMR1 aSolis, Brian14aThe End of business as usual :brewire the way you work to succeed in the consumer revolution /cBrian Solis aHoboken, N.J. :bJohn Wiley & Sons,ccop. 2012 axvi, 304 p. :bil. ;c24 cm aBibliografia p. 284-293. Índex04aEmpresesxDirecció i administracióxInnovacions tecnològiques07aTecnologia de la informacióxGestió2lemac